Fúzia je maratón, nie šprint
Hodnota akvizícií vo svete narástla medzi rokmi 2009 a 2010 takmer o štvrtinu. K početným veľkým i menším fúziám dochadzalo aj vlani. Fúzie a akvizície v strednej a východnej Európe. Firma sa dá kúpiť pomerne rýchlo, no integrácia môže trvať aj niekoľko rokov.
Guardado en:
| Autor principal: | |
|---|---|
| Formato: | Capítulo de libro |
| Lenguaje: | eslovaco |
| Materias: | |
| Etiquetas: |
Sin Etiquetas, Sea el primero en etiquetar este registro!
|
MARC
| LEADER | 00000naa a2200000 4500 | ||
|---|---|---|---|
| 001 | 0148454 | ||
| 005 | 20231113075357.0 | ||
| 041 | 0 | |a slo | |
| 044 | |a SK | ||
| 245 | 1 | 0 | |a Fúzia je maratón, nie šprint |c Peter Prónay |
| 520 | |a Hodnota akvizícií vo svete narástla medzi rokmi 2009 a 2010 takmer o štvrtinu. K početným veľkým i menším fúziám dochadzalo aj vlani. Fúzie a akvizície v strednej a východnej Európe. Firma sa dá kúpiť pomerne rýchlo, no integrácia môže trvať aj niekoľko rokov. | ||
| 610 | 2 | 0 | |a fúzie |
| 610 | 2 | 0 | |a akvizícia |
| 610 | 2 | 0 | |a SVE |
| 100 | 1 | |a Prónay, Peter | |